Farm labourers' wages, rural housing and land tenure. Report of deputation to the Right Hon Walter Ruciman MP.(President of the Board of Agriculture and Fisheries) from the Surveyors' Institution. 18th March 1914 and 25th March 1914. (Record no. 99831)

MARC details
000 -LEADER
fixed length control field 00576cam a22001575a 4500
001 - CONTROL NUMBER
control field J100788
008 - FIXED-LENGTH DATA ELEMENTS--GENERAL INFORMATION
fixed length control field 000000s1914 xxk 000 0 eng u
035 ## - SYSTEM CONTROL NUMBER
System control number (Sirsi) u100788
110 ## - MAIN ENTRY--CORPORATE NAME
Corporate name or jurisdiction name as entry element Surveyors' Institution
9 (RLIN) 3783
245 ## - TITLE STATEMENT
Title Farm labourers' wages, rural housing and land tenure. Report of deputation to the Right Hon Walter Ruciman MP.(President of the Board of Agriculture and Fisheries) from the Surveyors' Institution. 18th March 1914 and 25th March 1914.
260 ## - PUBLICATION, DISTRIBUTION, ETC.
Date of publication, distribution, etc. 1914
300 ## - PHYSICAL DESCRIPTION
Extent 42p.
651 #4 - SUBJECT ADDED ENTRY--GEOGRAPHIC NAME
Geographic name United Kingdom
Chronological subdivision
690 ## - LOCAL SUBJECT ADDED ENTRY--TOPICAL TERM (OCLC, RLIN)
Topical term or geographic name as entry element Rural
9 (RLIN) 6268
942 ## - ADDED ENTRY ELEMENTS (KOHA)
Suppress in OPAC 0
Holdings
Withdrawn status Lost status Source of classification or shelving scheme Damaged status Not for loan Home library Current library Shelving location Date acquired Total Checkouts Full call number Barcode Date last seen Copy number Price effective from Koha item type
    Dewey Decimal Classification     Historic collection Historic collection RICS Boxes 26/10/1999   RICS 1914 30059666 06/08/2019 1 06/08/2019 Archive